[Event "Norway Chess op-B"]
[Site "Stavanger"]
[Date "2025.05.27"]
[Round "6"]
[White "Chilibiiskyi, Daniil"]
[Black "Arulmaran, Abishan"]
[Result "0-1"]
[WhiteElo "1627"]
[BlackElo "1874"]
[PlyCount "84"]
[EventDate "2025.05.27"]
[EventType "swiss"]
[EventRounds "9"]
[EventCountry "NOR"]
[SourceTitle "CB23_2025"]
[SourceDate "2025.06.04"]
[SourceVersion "1"]
[SourceVersionDate "2025.06.04"]
[SourceQuality "1"]

1. d4 Nf6 2. Nf3 c5 3. e3 g6 4. b3 Bg7 5. Bb2 Nc6 6. Be2 d6 7. 0-0 cxd4 8. exd4 0-0 9. Nbd2 Bf5 10. Nc4 Nd5 11. a3 Nf4 12. Re1 Nxe2+ 13. Qxe2 Bg4 14. h3 Bxf3 15. Qxf3 Bxd4 16. Rad1 Bxb2 17. Nxb2 Rc8 18. Qe4 Qc7 19. Rd2 Qa5 20. Nc4 Qg5 21. Rd5 Qf6 22. Na5 Rc7 23. Nxc6 bxc6 24. Ra5 Qc3 25. Ra6 d5 26. Qe2 Re8 27. Rd1 e5 28. Ra4 f6 29. Rd3 Qc5 30. h4 Ree7 31. Qd2 e4 32. Rc3 Qd6 33. Rb4 Rb7 34. Ra4 c5 35. Rg3 d4 36. Rc4 Qe5 37. Qe1 Rbd7 38. b4 cxb4 39. axb4 e3 40. f3 e2 41. Rg4 f5 42. Rf4 Qxf4 0-1